Movies Quiz

Random Movies or Disney Quiz

Disney Animated Movies Quiz Stats

 Plays Quiz Updated Mar 19, 2020

Support Sporcle.
Go Orange.
Score 0/59 Timer 10:00
157 Plays Today
Year Animated Movie % Correct
1950Cinderella
89.8%
1937Snow White and the Seven Dwarfs
87.3%
1959Sleeping Beauty
84.3%
1991Beauty and the Beast
83.7%
1989The Little Mermaid
82.5%
1994The Lion King
79.6%
1992Aladdin
79.2%
2013Frozen
76.4%
2016Moana
72%
1998Mulan
69.7%
2010Tangled
69%
1940Fantasia
66.1%
1995Pocahontas
63%
1967The Jungle Book
62.8%
1953Peter Pan
61.8%
1942Bambi
61.7%
1961One Hundred and One Dalmatians
60.8%
1941Dumbo
60.1%
2009The Princess and the Frog
58.9%
1940Pinocchio
58.5%
1955Lady and the Tramp
56.3%
1981The Fox and the Hound
54.9%
1997Hercules
53.7%
1970The Aristocats
53.6%
1999Tarzan
52.4%
2021Raya and the Last Dragon
49.7%
1951Alice in Wonderland
48.3%
1973Robin Hood
48%
2016Zootopia
47.5%
1977The Rescuers
47.3%
Year Animated Movie % Correct
2019Frozen II
47.2%
1996The Hunchback of Notre Dame
46.8%
2011Winnie the Pooh
45.1%
2014Big Hero 6
43%
2012Wreck-It Ralph
42.7%
1963The Sword in the Stone
42.3%
2002Lilo & Stitch
40.9%
1977The Many Adventures of Winnie the Pooh
39.2%
2018Ralph Breaks the Internet
38.4%
1988Oliver & Company
37.5%
1990The Rescuers Down Under
36.8%
2000The Emperor's New Groove
35.8%
1999Fantasia 2000
35.1%
1985The Black Cauldron
32.8%
2003Brother Bear
32.6%
2001Atlantis: The Lost Empire
31.9%
2008Bolt
30.4%
1986The Great Mouse Detective
29.4%
2005Chicken Little
26.4%
2002Treasure Planet
25.9%
2007Meet the Robinsons
24.4%
1945The Three Caballeros
23.9%
2004Home on the Range
23.5%
2000Dinosaur
21.7%
1947Fun and Fancy Free
20.7%
1946Make Mine Music
20%
1948Melody Time
19.1%
1943Saludos Amigos
18.8%
1949The Adventures of Ichabod and Mr. Toad
18.4%

Sporcle TV

Let's Play: Guess Every Disney Movie


Holly from Pottermasters is taking a break from her normal quizzes to take on our Disney Challenge! Will she earn her Mouse Ears, or will she find out that Disney's not such a small world after all?

From the Vault

'90s Movies by Cast

by MSUKent

Movies 6m
The dream of the '90s is alive on Sporcle.
Remove Ads.
Support Sporcle.
Get the best of Sporcle when you Go Orange. This ad-free experience offers more features, more stats, and more fun while also helping to support Sporcle. Thank you for becoming a member.

Show Comments

Extras

Top Quizzes Today


Score Distribution

Your Account Isn't Verified!

In order to create a playlist on Sporcle, you need to verify the email address you used during registration. Go to your Sporcle Settings to finish the process.

Report this User

Report this user for behavior that violates our Community Guidelines.

Details: